000
00300nam a22001337a 4500
008
170630b xxu||||| |||| 00| 0 eng d
020
_a
9789951536196
041
_a
eng
080
_a
94
100
_a
18
101
_a
SHH
245
_a
MARSI MBLEDH VLERA SHQIPTARE
_c
MUJAJ.S
942
_2
udc
_c
BK
999
_c
19690
_d
19690